000 00968nam a22002297a 4500
005 20240530110339.0
008 141027s2010 ua gr 001 0dara d
020 _a9789953823140
040 _aEG-CaGPL
082 4 0 _221
_a338.952\
_bن د
100 0 _aناصر يوسف
245 1 0 _aدينامية التجربة اليابانية فى التنمية المركبة :
_bدراسة مقارنة بالجزائر وماليزيا /
_cناصر يوسف
250 _aط1
260 _aبيروت :
_bمركز دراسات الوحدة العربية ،
_c2010
300 _a414 ص ؛
_c24 سم
490 _aسلسلة اطروحات الدكتوراة ؛
_v83
650 4 0 _aالتنمية الاقتصادية
_zاليابان
650 4 0 _aالتنمية الاقتصادية
_zالجزائر
650 4 0 _aالتنمية الاقتصادية
_zماليزيا
942 _2ddc
_cBK
999 _c59839
_d59839